Normal view
MARC view
Entry Personal Name
001 - CONTROL NUMBER
- control field: 49853
003 - CONTROL NUMBER IDENTIFIER
- control field: ARRUPE
005 - DATE AND TIME OF LATEST TRANSACTION
- control field: 20201015105809.0
008 - FIXED-LENGTH DATA ELEMENTS
- fixed length control field: 201015|| aca||aabn | a|a d
040 ## - CATALOGING SOURCE
- Original cataloging agency: ARRUPE
- Transcribing agency: ARRUPE
100 ## - HEADING--PERSONAL NAME
- Personal name: Clark, Mary Jo Dummer.
670 ## - SOURCE DATA FOUND
- Source citation: Work cat.: (ARRUPE)0: Clark, Mary Jo Dummer., Nursing in the community /, c1995.